Poemas: 1917-1952
Uloženo v:
| Hlavní autor: | |
|---|---|
| Médium: | Kniha |
| Jazyk: | španělština |
| Vydáno: |
Buenos Aires
Argonauta
1990
|
| Témata: | |
| Tagy: |
Přidat tag
Žádné tagy, Buďte první, kdo vytvoří štítek k tomuto záznamu!
|
MARC
| LEADER | 00000nam a2200000 a 4500 | ||
|---|---|---|---|
| 001 | UCV9425 | ||
| 003 | CL-VaPUC | ||
| 008 | 920923e19900000AG |||||||||||||||||spa|d | ||
| 082 | 0 | 4 | |a 841 |b ELU |2 21 |
| 100 | 0 | |a Eluard, Paul |e author |9 303433 | |
| 245 | 1 | 0 | |a Poemas: 1917-1952 |
| 300 | |a 144 p | ||
| 942 | |c BK | ||
| 945 | |d 19920923 00:00:00 | ||
| 260 | |a Buenos Aires |b Argonauta |c 1990 | ||
| 650 | 0 | |a Poesías francesas |9 265467 | |
| 583 | |a last modification |c 19920923 00:00:00 |k Rodrigo Vera | ||
| 999 | |c 214765 |d 214763 | ||
| 952 | |0 0 |1 0 |4 0 |6 841_000000000000000_ELU_1990 |7 0 |8 A |9 198466 |a BIBARQ |b BIBARQ |d 2019-11-14 |i 2659220 |o 841 ELU 1990 |p 2659220 |r 2025-01-20 |w 2019-11-14 |y BK |k ARQ | ||